| 000 | 01239nam a22003617a 4500 | ||
|---|---|---|---|
| 003 | CHAP | ||
| 005 | 20220329133128.0 | ||
| 008 | 971013s1980 r 00010 d | ||
| 010 | _a2478 | ||
| 011 | _a3450 | ||
| 035 | _a2650 | ||
| 040 | _cCHAP | ||
| 090 | _aFolleto 13376 | ||
| 100 | 0 | 0 |
_aJenkinson, James L. _961330 |
| 245 | _aImproving plantation establishment by optimizing growth capacity and planting time of western yellow pines | ||
| 260 |
_aBerkeley, Ca : _bPacific Southwest Forest and Range Experiment Station, _c1980 |
||
| 300 |
_a22 p. _b; ilus.; gráphs |
||
| 490 |
_aResearch paper _v; PSW154 |
||
| 500 | _aD46-15 | ||
| 590 |
_aBATCH-UPD _b10 _c20130110 _lUCH01 _h0009 |
||
| 590 |
_aBATCH-UPD _b10 _c20130110 _lUCH01 _h2002 |
||
| 590 |
_aBATCH-UPD _b10 _c20130409 _lUCH01 _h1946 |
||
| 590 |
_aBATCH-UPD _b10 _c20130410 _lUCH01 _h1322 |
||
| 590 |
_aBATCH-UPD _b10 _c20130914 _lUCH01 _h1703 |
||
| 590 |
_aCONVERSION _b10 _c20130109 _lUCH01 _h1303 |
||
| 650 | 1 | 4 |
_aPináceas _xCrecimiento. _988225 |
| 650 | 1 | 4 |
_aPináceas _xPropagación. _988260 |
| 650 | 1 | 4 |
_aPináceas _xSemilla. _988264 |
| 830 | 0 |
_aResearch paper _v; PSW154 _996073 |
|
| 901 | _aBK | ||
| 942 | _cFOLL | ||
| 949 |
_aFolleto 13376 _bBC _cFOLL _d-12156 _eTS1 _i2650 _mD _si |
||
| 999 |
_c2478 _d2478 |
||